| 000 | 00916nam a2200265 a 4500 | ||
|---|---|---|---|
| 001 | 12211 | ||
| 003 | BD-RjUL | ||
| 005 | 20211208235244.0 | ||
| 008 | 140128s1963 enk b 001 0 eng d | ||
| 035 | _a(BD-RjUL)12260 | ||
| 040 |
_aNLM _cNLM _dUKM _dEQO _dBD-RjUL _beng |
||
| 041 | _aeng | ||
| 060 | 0 | 0 |
_aQL 375 _bH132e 1963 |
| 082 | 0 | 4 |
_a593.5 _218 _bHAE 1963 |
| 100 | 1 |
_aHadži, J. _q(Jovan), _d1884-1972. _937851 |
|
| 245 | 1 | 4 |
_aThe evolution of the metazoa / _cJovan Hadž, [tr. from the German by Janez Stanonik] |
| 260 |
_aOxford : _bPergamon Press, _cc1963. |
||
| 300 |
_axii, 499 p. : _bill. ; _c23 cm. |
||
| 490 | 1 |
_aInternational series of monographs on pure and applied biology. Division, Zoology, _vv. 16 |
|
| 650 | 0 |
_aCtenophora. _937852 |
|
| 650 | 0 |
_aEvolution. _937853 |
|
| 830 | 0 |
_vv. 16 _9216174 |
|
| 830 | 0 |
_aInternational series of monographs on pure and applied biology. _9216175 |
|
| 942 |
_2ddc _cBK |
||
| 999 |
_c12211 _d12211 |
||